[Event "Masters Tournament (MTO)"]
[Site "Biel, CH"]
[Date "2025.07.24"]
[Round "10"]
[White "Schlegel, Igor"]
[Black "Maria, Lia-Alexandra"]
[Result "1/2-1/2"]
[Board "23"]
[WhiteFideId "1334956"]
[BlackFideId "1248952"]
[WhiteTitle "FM"]
[BlackTitle "WFM"]
[WhiteElo "2275"]
[BlackElo "2120"]
[WhiteTeam "SUI"]
[BlackTeam "ROU"]
[WhiteClock "0:44:49"]
[BlackClock "0:19:39"]
[Variant "Standard"]

1. e4 {[%clk 1:40:58]}  c5 {[%clk 1:40:43]} 2. Nf3 {[%clk 1:41:21]}  d6 {[%clk 1:41:09]} 3. d4 {[%clk 1:41:43]}  cxd4 {[%clk 1:41:34]} 4. Nxd4 {[%clk 1:42:07]}  Nf6 {[%clk 1:41:56]} 5. Nc3 {[%clk 1:42:30]}  a6 {[%clk 1:42:22]} 6. Bg5 {[%clk 1:42:54]}  e6 {[%clk 1:42:39]} 7. f4 {[%clk 1:43:03]}  Nbd7 {[%clk 1:42:53]} 8. Qe2 {[%clk 1:42:00]}  Qc7 {[%clk 1:43:00]} 9. O-O-O {[%clk 1:42:20]}  Be7 {[%clk 1:35:27]} 10. g4 {[%clk 1:38:47]}  b5 {[%clk 1:37:02]} 11. Bg2 {[%clk 1:32:35]}  Bb7 {[%clk 1:36:25]} 12. a3 {[%clk 1:32:06]}  Rc8 {[%clk 1:34:19]} 13. Kb1 {[%clk 1:32:00]}  Nb6 {[%clk 1:19:17]} 14. Bxf6 {[%clk 1:29:56]}  gxf6 {[%clk 1:17:51]} 15. f5 {[%clk 1:13:39]}  e5 {[%clk 1:13:20]} 16. Nb3 {[%clk 1:13:50]}  Nc4 {[%clk 1:11:39]} 17. Nd5 {[%clk 1:13:30]}  Bxd5 {[%clk 1:11:16]} 18. Rxd5 {[%clk 1:13:49]}  Rg8 {[%clk 0:58:34]} 19. Rd3 {[%clk 1:04:27]}  a5 {[%clk 0:50:07]} 20. Nd2 {[%clk 0:57:35]}  d5 {[%clk 0:34:56]} 21. exd5 {[%clk 0:57:08]}  Nxb2 {[%clk 0:23:48]} 22. Kxb2 {[%clk 0:57:13]}  Qxc2+ {[%clk 0:24:05]} 23. Ka1 {[%clk 0:57:39]}  Bb4 {[%clk 0:21:05]} 24. axb4 {[%clk 0:43:27]}  Qa4+ {[%clk 0:19:43]} 25. Kb1 {[%clk 0:43:52]}  Qc2+ {[%clk 0:19:58]} 26. Ka1 {[%clk 0:44:20]}  Qa4+ {[%clk 0:19:17]} 27. Kb1 {[%clk 0:44:49]}  Qc2+ {[%clk 0:19:39]} 1/2-1/2

[Event "Masters Tournament (MTO)"]
[Site "Biel, CH"]
[Date "2025.07.24"]
[Round "10"]
[White "Hu, Yu A."]
[Black "Gut, Lionel"]
[Result "1/2-1/2"]
[Board "24"]
[WhiteFideId "8609993"]
[BlackFideId "1339966"]
[WhiteElo "2079"]
[BlackElo "2239"]
[WhiteTeam "CHN"]
[BlackTeam "SUI"]
[WhiteClock "0:10:26"]
[BlackClock "0:25:35"]
[Variant "Standard"]

1. e4 {[%clk 1:40:52]}  c5 {[%clk 1:40:40]} 2. Nf3 {[%clk 1:40:40]}  d6 {[%clk 1:41:06]} 3. Bb5+ {[%clk 1:38:45]}  Nd7 {[%clk 1:41:25]} 4. O-O {[%clk 1:38:35]}  a6 {[%clk 1:39:08]} 5. Bd3 {[%clk 1:38:55]}  e6 {[%clk 1:37:32]} 6. Re1 {[%clk 1:37:47]}  Ngf6 {[%clk 1:36:33]} 7. c3 {[%clk 1:35:56]}  b5 {[%clk 1:38:17]} 8. a4 {[%clk 1:33:16]}  Bb7 {[%clk 1:33:35]} 9. Bc2 {[%clk 1:28:49]}  c4 {[%clk 1:36:55]} 10. axb5 {[%clk 1:28:15]}  axb5 {[%clk 1:37:21]} 11. Rxa8 {[%clk 1:28:38]}  Qxa8 {[%clk 1:36:31]} 12. Na3 {[%clk 1:29:00]}  Be7 {[%clk 1:34:49]} 13. Nxb5 {[%clk 1:28:11]}  O-O {[%clk 1:37:01]} 14. d3 {[%clk 1:18:23]}  cxd3 {[%clk 1:28:45]} 15. Bxd3 {[%clk 1:10:49]}  Nc5 {[%clk 1:22:50]} 16. Bc2 {[%clk 1:14:49]}  Ncxe4 {[%clk 1:20:54]} 17. Nfd4 {[%clk 1:13:28]}  d5 {[%clk 1:09:59]} 18. Bf4 {[%clk 1:05:56]}  Rd8 {[%clk 1:04:08]} 19. f3 {[%clk 1:02:55]}  Nd6 {[%clk 1:04:32]} 20. Nxd6 {[%clk 1:03:13]}  Bxd6 {[%clk 1:04:59]} 21. Bg5 {[%clk 0:59:00]}  Qb8 {[%clk 1:02:20]} 22. f4 {[%clk 0:57:52]}  Bc5 {[%clk 0:54:42]} 23. Kh1 {[%clk 0:57:03]}  Kf8 {[%clk 0:50:36]} 24. Bxf6 {[%clk 0:42:01]}  gxf6 {[%clk 0:51:01]} 25. Qg4 {[%clk 0:42:15]}  Bxd4 {[%clk 0:51:01]} 26. cxd4 {[%clk 0:41:09]}  Bc8 {[%clk 0:49:41]} 27. Qh4 {[%clk 0:36:00]}  Ke7 {[%clk 0:44:06]} 28. b3 {[%clk 0:31:03]}  Qb4 {[%clk 0:47:34]} 29. f5 {[%clk 0:31:22]}  Qd2 {[%clk 0:46:42]} 30. Bd1 {[%clk 0:31:01]}  Rg8 {[%clk 0:43:22]} 31. Bf3 {[%clk 0:31:11]}  Qg5 {[%clk 0:42:48]} 32. Qxh7 {[%clk 0:30:26]}  Rg7 {[%clk 0:41:47]} 33. Qh3 {[%clk 0:29:25]}  Qd2 {[%clk 0:41:43]} 34. Rd1 {[%clk 0:28:10]}  Qc2 {[%clk 0:41:19]} 35. Rg1 {[%clk 0:26:12]}  Rg8 {[%clk 0:39:19]} 36. Qh7 {[%clk 0:11:17]}  Rd8 {[%clk 0:33:38]} 37. Bg4 {[%clk 0:17:18]}  Qe4 {[%clk 0:30:59]} 38. Bh5 {[%clk 0:11:24]}  Rf8 {[%clk 0:30:54]} 39. Bf3 {[%clk 0:09:48]}  Qxd4 {[%clk 0:28:10]} 40. fxe6 {[%clk 0:09:46]}  Bxe6 {[%clk 0:28:33]} 41. h3 {[%clk 0:09:36]}  Qc3 {[%clk 0:26:20]} 42. Qb1 {[%clk 0:08:11]}  Bxh3 {[%clk 0:24:27]} 43. Qe1+ {[%clk 0:09:39]}  Qxe1 {[%clk 0:24:53]} 44. Rxe1+ {[%clk 0:10:05]}  Be6 {[%clk 0:25:21]} 45. Bxd5 {[%clk 0:10:26]}  Kd6 {[%clk 0:25:35]} 1/2-1/2

[Event "Masters Tournament (MTO)"]
[Site "Biel, CH"]
[Date "2025.07.24"]
[Round "10"]
[White "Lilliehook, Victor"]
[Black "Saminskij, Jan"]
[Result "0-1"]
[Board "25"]
[WhiteFideId "1752103"]
[BlackFideId "1346962"]
[WhiteElo "2074"]
[BlackElo "2230"]
[WhiteTeam "SWE"]
[BlackTeam "SUI"]
[WhiteClock "0:18:36"]
[BlackClock "0:40:49"]
[Variant "Standard"]

1. e4 {[%clk 1:40:58]}  e6 {[%clk 1:40:25]} 2. d3 {[%clk 1:41:20]}  d5 {[%clk 1:39:34]} 3. Nd2 {[%clk 1:41:45]}  Nf6 {[%clk 1:39:55]} 4. Ngf3 {[%clk 1:42:07]}  c5 {[%clk 1:40:19]} 5. g3 {[%clk 1:42:32]}  Nc6 {[%clk 1:40:46]} 6. Bg2 {[%clk 1:42:53]}  Be7 {[%clk 1:41:12]} 7. O-O {[%clk 1:43:14]}  O-O {[%clk 1:41:38]} 8. Re1 {[%clk 1:43:37]}  Qc7 {[%clk 1:42:04]} 9. e5 {[%clk 1:44:00]}  Nd7 {[%clk 1:42:31]} 10. Qe2 {[%clk 1:44:22]}  b5 {[%clk 1:42:56]} 11. Nf1 {[%clk 1:44:42]}  a5 {[%clk 1:43:22]} 12. Bf4 {[%clk 1:45:02]}  a4 {[%clk 1:43:37]} 13. a3 {[%clk 1:45:25]}  Ba6 {[%clk 1:41:33]} 14. h4 {[%clk 1:45:40]}  Rfc8 {[%clk 1:41:58]} 15. h5 {[%clk 1:38:20]}  h6 {[%clk 1:42:23]} 16. Ne3 {[%clk 1:38:30]}  Qd8 {[%clk 1:42:47]} 17. Ng4 {[%clk 1:37:47]}  Bf8 {[%clk 1:39:41]} 18. Qd2 {[%clk 1:35:43]}  Ra7 {[%clk 1:36:22]} 19. Bh3 {[%clk 1:26:46]}  Nb6 {[%clk 1:29:12]} 20. Ngh2 {[%clk 1:23:39]}  d4 {[%clk 1:28:32]} 21. g4 {[%clk 1:19:33]}  c4 {[%clk 1:10:40]} 22. g5 {[%clk 1:11:30]}  cxd3 {[%clk 1:01:46]} 23. cxd3 {[%clk 1:04:20]}  Nd7 {[%clk 0:48:16]} 24. gxh6 {[%clk 1:00:51]}  Nc5 {[%clk 0:48:34]} 25. hxg7 {[%clk 0:45:39]}  Be7 {[%clk 0:45:45]} 26. Bh6 {[%clk 0:27:54]}  b4 {[%clk 0:43:56]} 27. Ng5 {[%clk 0:23:43]}  Bxd3 {[%clk 0:36:21]} 28. Qf4 {[%clk 0:18:46]}  Qe8 {[%clk 0:36:25]} 29. Rac1 {[%clk 0:13:54]}  b3 {[%clk 0:32:20]} 30. Ng4 {[%clk 0:06:00]}  Bc2 {[%clk 0:32:27]} 31. Bf1 {[%clk 0:04:01]}  d3 {[%clk 0:30:22]} 32. Rxc2 {[%clk 0:01:30]}  bxc2 {[%clk 0:24:32]} 33. Ne4 {[%clk 0:01:15]}  Nxe4 {[%clk 0:23:50]} 34. Qxe4 {[%clk 0:01:44]}  Rd7 {[%clk 0:18:33]} 35. Bxd3 {[%clk 0:01:39]}  Rxd3 {[%clk 0:19:02]} 36. Qxd3 {[%clk 0:02:03]}  Qd8 {[%clk 0:16:39]} 37. Qe4 {[%clk 0:00:40]}  Nd4 {[%clk 0:16:18]} 38. Be3 {[%clk 0:00:34]}  Nf5 {[%clk 0:16:21]} 39. h6 {[%clk 0:00:32]}  Nxe3 {[%clk 0:11:44]} 40. Qxe3 {[%clk 0:00:32]}  Qd1 {[%clk 0:11:05]} 41. h7+ {[%clk 0:17:08]}  Kxg7 {[%clk 0:41:31]} 42. h8=Q+ {[%clk 0:17:26]}  Kxh8 {[%clk 0:39:13]} 43. Qh6+ {[%clk 0:17:11]}  Kg8 {[%clk 0:39:35]} 44. Nf6+ {[%clk 0:17:32]}  Bxf6 {[%clk 0:39:59]} 45. exf6 {[%clk 0:17:56]}  Qxe1+ {[%clk 0:40:18]} 46. Kh2 {[%clk 0:18:10]}  Qxf2+ {[%clk 0:40:43]} 47. Kh3 {[%clk 0:18:36]}  Qg1 {[%clk 0:40:49]} 0-1

[Event "Masters Tournament (MTO)"]
[Site "Biel, CH"]
[Date "2025.07.24"]
[Round "10"]
[White "Kanana, Ziad"]
[Black "Sowray, Peter J"]
[Result "1/2-1/2"]
[Board "26"]
[WhiteFideId "1346911"]
[BlackFideId "400971"]
[BlackTitle "FM"]
[WhiteElo "2062"]
[BlackElo "2211"]
[WhiteTeam "SUI"]
[BlackTeam "ENG"]
[WhiteClock "0:34:31"]
[BlackClock "0:23:32"]
[Variant "Standard"]

1. e4 {[%clk 1:40:57]}  d6 {[%clk 1:40:49]} 2. d4 {[%clk 1:41:25]}  Nf6 {[%clk 1:41:09]} 3. Bd3 {[%clk 1:41:53]}  e5 {[%clk 1:40:33]} 4. c3 {[%clk 1:42:18]}  d5 {[%clk 1:40:24]} 5. dxe5 {[%clk 1:42:30]}  Nxe4 {[%clk 1:40:01]} 6. Nf3 {[%clk 1:42:50]}  Nc6 {[%clk 1:37:38]} 7. O-O {[%clk 1:42:34]}  Be7 {[%clk 1:36:05]} 8. Nbd2 {[%clk 1:36:42]}  Nc5 {[%clk 1:34:54]} 9. Be2 {[%clk 1:36:06]}  Nd7 {[%clk 1:28:38]} 10. Bb5 {[%clk 1:34:55]}  O-O {[%clk 1:31:10]} 11. Re1 {[%clk 1:29:59]}  Nc5 {[%clk 1:28:30]} 12. b4 {[%clk 1:14:28]}  Ne6 {[%clk 1:26:55]} 13. Nb3 {[%clk 1:13:17]}  Nb8 {[%clk 1:20:59]} 14. Nfd4 {[%clk 1:11:20]}  Nxd4 {[%clk 1:20:29]} 15. Nxd4 {[%clk 1:07:16]}  a5 {[%clk 1:15:39]} 16. Bd2 {[%clk 1:04:52]}  axb4 {[%clk 1:13:54]} 17. cxb4 {[%clk 1:05:15]}  b6 {[%clk 1:07:58]} 18. Nc6 {[%clk 1:02:00]}  Nxc6 {[%clk 1:05:35]} 19. Bxc6 {[%clk 1:02:25]}  Ra7 {[%clk 1:04:31]} 20. Qc2 {[%clk 0:58:44]}  Bd7 {[%clk 0:54:50]} 21. a4 {[%clk 0:51:16]}  Bxc6 {[%clk 0:52:40]} 22. Qxc6 {[%clk 0:51:38]}  Qa8 {[%clk 0:52:22]} 23. Rec1 {[%clk 0:50:57]}  f6 {[%clk 0:46:10]} 24. exf6 {[%clk 0:41:48]}  Bxf6 {[%clk 0:44:34]} 25. Ra2 {[%clk 0:40:31]}  Bd4 {[%clk 0:36:51]} 26. Be1 {[%clk 0:40:39]}  Qxc6 {[%clk 0:36:05]} 27. Rxc6 {[%clk 0:41:02]}  Rf6 {[%clk 0:36:11]} 28. Rxf6 {[%clk 0:38:36]}  gxf6 {[%clk 0:33:07]} 29. b5 {[%clk 0:38:20]}  Kf7 {[%clk 0:32:19]} 30. Kf1 {[%clk 0:38:04]}  Ke6 {[%clk 0:31:52]} 31. Ke2 {[%clk 0:38:11]}  Ra8 {[%clk 0:25:40]} 32. Bd2 {[%clk 0:38:00]}  Rg8 {[%clk 0:23:58]} 33. Kf3 {[%clk 0:37:56]}  Be5 {[%clk 0:23:32]} 34. g3 {[%clk 0:34:31]} 1/2-1/2

[Event "Masters Tournament (MTO)"]
[Site "Biel, CH"]
[Date "2025.07.24"]
[Round "10"]
[White "Sushanth Kamabathula"]
[Black "He, Junchen"]
[Result "1/2-1/2"]
[Board "27"]
[WhiteFideId "25712667"]
[BlackFideId "8642427"]
[WhiteElo "2188"]
[BlackElo "2007"]
[WhiteTeam "IND"]
[BlackTeam "CHN"]
[WhiteClock "0:47:03"]
[BlackClock "1:10:33"]
[Variant "Standard"]

1. e4 {[%clk 1:40:55]}  e6 {[%clk 1:40:44]} 2. d4 {[%clk 1:41:19]}  d5 {[%clk 1:40:25]} 3. e5 {[%clk 1:41:34]}  c5 {[%clk 1:41:30]} 4. c3 {[%clk 1:42:00]}  Nc6 {[%clk 1:41:54]} 5. Nf3 {[%clk 1:42:25]}  Bd7 {[%clk 1:42:19]} 6. Be2 {[%clk 1:42:51]}  Nge7 {[%clk 1:42:40]} 7. O-O {[%clk 1:42:41]}  Ng6 {[%clk 1:42:54]} 8. Be3 {[%clk 1:43:06]}  Be7 {[%clk 1:41:32]} 9. Nbd2 {[%clk 1:43:32]}  O-O {[%clk 1:39:54]} 10. a3 {[%clk 1:43:07]}  cxd4 {[%clk 1:38:51]} 11. cxd4 {[%clk 1:44:25]}  f6 {[%clk 1:37:57]} 12. exf6 {[%clk 1:44:48]}  Bxf6 {[%clk 1:38:16]} 13. Re1 {[%clk 1:41:55]}  Qe7 {[%clk 1:34:31]} 14. Nb3 {[%clk 1:41:10]}  b6 {[%clk 1:31:50]} 15. Rc1 {[%clk 1:39:43]}  Qd6 {[%clk 1:26:18]} 16. Qd2 {[%clk 1:35:45]}  a5 {[%clk 1:18:17]} 17. Rc3 {[%clk 1:20:32]}  Nce7 {[%clk 0:58:29]} 18. Bg5 {[%clk 1:15:05]}  Rac8 {[%clk 1:16:53]} 19. Rec1 {[%clk 0:54:54]}  Rxc3 {[%clk 1:11:38]} 20. Rxc3 {[%clk 0:54:39]}  Rc8 {[%clk 1:10:05]} 21. Rxc8+ {[%clk 0:49:36]}  Nxc8 {[%clk 1:10:33]} 22. Nc1 {[%clk 0:47:03]} 1/2-1/2

[Event "Masters Tournament (MTO)"]
[Site "Biel, CH"]
[Date "2025.07.24"]
[Round "10"]
[White "Gut, Raphael"]
[Black "Kwiatkowski, Jakub"]
[Result "1/2-1/2"]
[Board "28"]
[WhiteFideId "1339974"]
[BlackFideId "1348736"]
[WhiteElo "2147"]
[BlackElo "2034"]
[WhiteTeam "SUI"]
[BlackTeam "SUI"]
[WhiteClock "0:03:07"]
[BlackClock "0:07:39"]
[Variant "Standard"]

1. d4 {[%clk 1:40:57]}  Nf6 {[%clk 1:40:33]} 2. c4 {[%clk 1:41:23]}  e6 {[%clk 1:40:56]} 3. Nc3 {[%clk 1:41:51]}  Bb4 {[%clk 1:41:19]} 4. e3 {[%clk 1:42:19]}  O-O {[%clk 1:41:36]} 5. Bd2 {[%clk 1:42:47]}  b6 {[%clk 1:41:41]} 6. Nf3 {[%clk 1:43:14]}  Bb7 {[%clk 1:42:02]} 7. Bd3 {[%clk 1:43:23]}  d5 {[%clk 1:42:25]} 8. cxd5 {[%clk 1:43:40]}  exd5 {[%clk 1:42:47]} 9. O-O {[%clk 1:44:01]}  Bd6 {[%clk 1:43:12]} 10. Qb1 {[%clk 1:44:25]}  Re8 {[%clk 1:43:35]} 11. b4 {[%clk 1:44:46]}  a6 {[%clk 1:42:18]} 12. Rc1 {[%clk 1:43:40]}  Nbd7 {[%clk 1:43:50]} 13. a4 {[%clk 1:44:03]}  Ne4 {[%clk 1:33:13]} 14. b5 {[%clk 1:40:21]}  a5 {[%clk 1:19:38]} 15. Qb3 {[%clk 1:35:23]}  Ndf6 {[%clk 1:34:26]} 16. Rc2 {[%clk 1:15:23]}  Ng4 {[%clk 1:27:41]} 17. Be1 {[%clk 1:05:34]}  Ng5 {[%clk 1:10:12]} 18. Be2 {[%clk 0:34:53]}  Ne4 {[%clk 0:55:57]} 19. g3 {[%clk 0:26:00]}  Ngf6 {[%clk 0:51:29]} 20. Bf1 {[%clk 0:46:18]}  Qd7 {[%clk 0:50:08]} 21. Bg2 {[%clk 0:42:23]}  Rac8 {[%clk 0:38:28]} 22. Rac1 {[%clk 0:31:43]}  g6 {[%clk 0:29:39]} 23. Ne2 {[%clk 0:42:11]}  h5 {[%clk 0:28:06]} 24. h4 {[%clk 0:36:36]}  Ng4 {[%clk 0:19:50]} 25. Bh3 {[%clk 0:35:27]}  Qf5 {[%clk 0:15:11]} 26. Kg2 {[%clk 0:32:32]}  Re7 {[%clk 0:15:38]} 27. Nf4 {[%clk 0:30:14]}  Rce8 {[%clk 0:00:16]} 28. Re2 {[%clk 0:21:16]}  Kh7 {[%clk 0:06:49]} 29. Bd2 {[%clk 0:14:33]}  Kh8 {[%clk 0:01:43]} 30. Rce1 {[%clk 0:09:11]}  Nef6 {[%clk 0:00:44]} 31. Ng5 {[%clk 0:06:52]}  Nh7 {[%clk 0:00:46]} 32. Nxh7 {[%clk 0:05:59]}  Kxh7 {[%clk 0:01:10]} 33. f3 {[%clk 0:06:19]}  Bxf4 {[%clk 0:00:54]} 34. gxf4 {[%clk 0:06:44]}  Bc8 {[%clk 0:00:58]} 35. Kg1 {[%clk 0:07:04]}  Qf6 {[%clk 0:01:04]} 36. fxg4 {[%clk 0:07:28]}  hxg4 {[%clk 0:01:29]} 37. Bf1 {[%clk 0:04:18]}  Kg7 {[%clk 0:00:36]} 38. Qxd5 {[%clk 0:04:12]}  Bf5 {[%clk 0:00:05]} 39. e4 {[%clk 0:03:55]}  Rd7 {[%clk 0:01:18]} 40. e5 {[%clk 0:01:27]}  Qxh4 {[%clk 0:01:33]} 41. Qg2 {[%clk 0:28:52]}  Rxd4 {[%clk 0:27:49]} 42. Qh2 {[%clk 0:26:14]}  Qe7 {[%clk 0:23:22]} 43. Bg2 {[%clk 0:25:03]}  Rh8 {[%clk 0:25:39]} 44. Qg3 {[%clk 0:23:34]}  Rd3 {[%clk 0:24:23]} 45. Be3 {[%clk 0:23:31]}  Qa3 {[%clk 0:15:32]} 46. Rc2 {[%clk 0:14:17]}  Qxa4 {[%clk 0:20:33]} 47. Rxc7 {[%clk 0:14:26]}  Qxb5 {[%clk 0:20:08]} 48. Qf2 {[%clk 0:09:31]}  Qb4 {[%clk 0:16:23]} 49. Rb7 {[%clk 0:09:11]}  b5 {[%clk 0:16:16]} 50. Rc1 {[%clk 0:07:08]}  Be4 {[%clk 0:12:06]} 51. Bc5 {[%clk 0:04:34]}  g3 {[%clk 0:11:19]} 52. Qe2 {[%clk 0:04:35]}  Rc3 {[%clk 0:07:12]} 53. Bxb4 {[%clk 0:01:45]}  Rxc1+ {[%clk 0:07:35]} 54. Be1 {[%clk 0:02:13]}  Bxg2 {[%clk 0:07:39]} 55. Kxg2 {[%clk 0:00:55]}  Rh2+ {[%clk 0:08:01]} 56. Kf3 {[%clk 0:01:21]}  Rxe2 {[%clk 0:08:24]} 57. Kxe2 {[%clk 0:01:50]}  g2 {[%clk 0:08:41]} 58. Bf2 {[%clk 0:02:14]}  Kg8 {[%clk 0:06:00]} 59. Rxb5 {[%clk 0:02:22]}  g1=Q {[%clk 0:06:21]} 60. Bxg1 {[%clk 0:01:58]}  Rxg1 {[%clk 0:06:44]} 61. Rxa5 {[%clk 0:02:58]}  Rg3 {[%clk 0:07:04]} 62. Ra8+ {[%clk 0:03:08]}  Kg7 {[%clk 0:07:26]} 63. Ra7 {[%clk 0:02:54]}  Kf8 {[%clk 0:07:39]} 64. Kf2 {[%clk 0:03:07]} 1/2-1/2

[Event "Masters Tournament (MTO)"]
[Site "Biel, CH"]
[Date "2025.07.24"]
[Round "10"]
[White "Gao, Kai"]
[Black "Hirzel, Cedric"]
[Result "1-0"]
[Board "29"]
[WhiteFideId "8607770"]
[BlackFideId "1341910"]
[WhiteElo "1906"]
[BlackElo "2141"]
[WhiteTeam "CHN"]
[BlackTeam "SUI"]
[WhiteClock "0:04:08"]
[BlackClock "0:16:45"]
[Variant "Standard"]

1. e4 {[%clk 1:40:56]}  e5 {[%clk 1:40:02]} 2. Nf3 {[%clk 1:41:08]}  Nc6 {[%clk 1:40:24]} 3. Bc4 {[%clk 1:39:38]}  Nf6 {[%clk 1:40:44]} 4. d3 {[%clk 1:39:31]}  Bc5 {[%clk 1:40:46]} 5. c3 {[%clk 1:38:30]}  O-O {[%clk 1:40:57]} 6. O-O {[%clk 1:36:55]}  d5 {[%clk 1:38:00]} 7. exd5 {[%clk 1:36:55]}  Nxd5 {[%clk 1:32:04]} 8. Re1 {[%clk 1:30:00]}  Bg4 {[%clk 1:38:01]} 9. h3 {[%clk 1:30:01]}  Bh5 {[%clk 1:27:17]} 10. g4 {[%clk 1:17:38]}  Bg6 {[%clk 1:36:22]} 11. Nxe5 {[%clk 0:53:06]}  Nxe5 {[%clk 1:13:37]} 12. Rxe5 {[%clk 1:15:43]}  c6 {[%clk 1:13:50]} 13. Bxd5 {[%clk 1:03:41]}  cxd5 {[%clk 1:12:54]} 14. Qf3 {[%clk 1:03:38]}  Re8 {[%clk 1:11:27]} 15. Bf4 {[%clk 0:48:47]}  Qf6 {[%clk 0:59:30]} 16. g5 {[%clk 0:36:36]}  Qxe5 {[%clk 0:50:04]} 17. Bxe5 {[%clk 0:46:15]}  Rxe5 {[%clk 0:36:48]} 18. Nd2 {[%clk 0:37:54]}  Rae8 {[%clk 0:31:02]} 19. Qg3 {[%clk 0:22:05]}  Bd6 {[%clk 0:28:06]} 20. Nf3 {[%clk 0:20:57]}  R5e6 {[%clk 0:27:49]} 21. Qg4 {[%clk 0:19:57]}  Bxd3 {[%clk 0:27:31]} 22. Rd1 {[%clk 0:23:48]}  Be2 {[%clk 0:21:02]} 23. Rxd5 {[%clk 0:23:49]}  Re4 {[%clk 0:19:09]} 24. Qxe4 {[%clk 0:22:50]}  Rxe4 {[%clk 0:20:13]} 25. Rxd6 {[%clk 0:19:38]}  Kf8 {[%clk 0:17:28]} 26. Nd4 {[%clk 0:22:42]}  Re5 {[%clk 0:15:55]} 27. f4 {[%clk 0:20:03]}  Re4 {[%clk 0:15:06]} 28. Nf5 {[%clk 0:19:00]}  Re8 {[%clk 0:14:39]} 29. Rd7 {[%clk 0:18:42]}  Ba6 {[%clk 0:10:34]} 30. Kf2 {[%clk 0:13:47]}  g6 {[%clk 0:14:49]} 31. Nh6 {[%clk 0:13:34]}  Re2+ {[%clk 0:14:19]} 32. Kf3 {[%clk 0:13:04]}  Rxb2 {[%clk 0:15:31]} 33. Rxf7+ {[%clk 0:13:24]}  Ke8 {[%clk 0:15:57]} 34. Rxh7 {[%clk 0:12:57]}  Rxa2 {[%clk 0:16:09]} 35. f5 {[%clk 0:11:38]}  gxf5 {[%clk 0:16:34]} 36. Nxf5 {[%clk 0:10:05]}  Rc2 {[%clk 0:16:11]} 37. Re7+ {[%clk 0:10:12]}  Kd8 {[%clk 0:16:05]} 38. Re3 {[%clk 0:08:55]}  Bc4 {[%clk 0:16:22]} 39. Kf4 {[%clk 0:03:48]}  a5 {[%clk 0:16:45]} 40. Nd6 {[%clk 0:04:08]} 1-0

[Event "Masters Tournament (MTO)"]
[Site "Biel, CH"]
[Date "2025.07.24"]
[Round "10"]
[White "Aryan Goyal"]
[Black "Bai, Xue"]
[Result "1/2-1/2"]
[Board "30"]
[WhiteFideId "366108825"]
[BlackFideId "8608717"]
[WhiteElo "1906"]
[BlackElo "2124"]
[WhiteTeam "IND"]
[BlackTeam "CHN"]
[WhiteClock "0:27:35"]
[BlackClock "0:19:06"]
[Variant "Standard"]

1. e4 {[%clk 1:40:49]}  c5 {[%clk 1:39:30]} 2. Nc3 {[%clk 1:40:36]}  Nc6 {[%clk 1:38:13]} 3. f4 {[%clk 1:39:47]}  e6 {[%clk 1:36:17]} 4. Nf3 {[%clk 1:39:42]}  d5 {[%clk 1:35:04]} 5. Bb5 {[%clk 1:39:02]}  d4 {[%clk 1:19:20]} 6. Ne2 {[%clk 1:37:03]}  Qb6 {[%clk 1:17:36]} 7. Bxc6+ {[%clk 1:34:04]}  Qxc6 {[%clk 1:17:59]} 8. d3 {[%clk 1:34:32]}  Nf6 {[%clk 1:14:02]} 9. O-O {[%clk 1:33:39]}  Be7 {[%clk 1:14:17]} 10. Ng3 {[%clk 1:30:08]}  b5 {[%clk 1:03:59]} 11. Ne5 {[%clk 1:26:36]}  Qb6 {[%clk 1:05:21]} 12. a4 {[%clk 1:20:45]}  O-O {[%clk 0:56:59]} 13. f5 {[%clk 1:02:40]}  Bd6 {[%clk 0:41:59]} 14. Ng4 {[%clk 1:02:36]}  Nxg4 {[%clk 0:42:21]} 15. Qxg4 {[%clk 1:02:31]}  exf5 {[%clk 0:41:13]} 16. exf5 {[%clk 1:00:09]}  f6 {[%clk 0:39:25]} 17. axb5 {[%clk 0:52:41]}  Qxb5 {[%clk 0:31:07]} 18. Qe4 {[%clk 0:45:57]}  Qb7 {[%clk 0:36:22]} 19. Qxb7 {[%clk 0:41:47]}  Bxb7 {[%clk 0:36:51]} 20. Bf4 {[%clk 0:41:40]}  Bxf4 {[%clk 0:37:13]} 21. Rxf4 {[%clk 0:42:03]}  Rfe8 {[%clk 0:33:37]} 22. Kf2 {[%clk 0:39:18]}  a5 {[%clk 0:32:27]} 23. b3 {[%clk 0:34:29]}  Re5 {[%clk 0:32:31]} 24. Ne4 {[%clk 0:34:04]}  Bc6 {[%clk 0:31:39]} 25. Nd6 {[%clk 0:32:06]}  Re7 {[%clk 0:29:42]} 26. Nc4 {[%clk 0:30:06]}  Rae8 {[%clk 0:27:25]} 27. Kf1 {[%clk 0:28:16]}  Bd5 {[%clk 0:25:42]} 28. Nb6 {[%clk 0:27:33]}  Bc6 {[%clk 0:23:28]} 29. Nc4 {[%clk 0:27:54]}  Bd5 {[%clk 0:19:06]} 30. Rf2 {[%clk 0:27:35]} 1/2-1/2

[Event "Masters Tournament (MTO)"]
[Site "Biel, CH"]
[Date "2025.07.24"]
[Round "10"]
[White "Panda, Barnabas"]
[Black "Kumbharathi, Vedansh"]
[Result "1/2-1/2"]
[Board "31"]
[WhiteFideId "799556"]
[BlackFideId "30998395"]
[WhiteElo "2123"]
[BlackElo "1931"]
[WhiteTeam "HUN"]
[BlackTeam "USA"]
[WhiteClock "0:19:50"]
[BlackClock "0:48:26"]
[Variant "Standard"]

1. d4 {[%clk 1:40:56]}  Nf6 {[%clk 1:40:41]} 2. c4 {[%clk 1:41:12]}  e6 {[%clk 1:40:51]} 3. Nc3 {[%clk 1:41:30]}  d5 {[%clk 1:40:29]} 4. Nf3 {[%clk 1:41:51]}  Be7 {[%clk 1:39:50]} 5. Bf4 {[%clk 1:42:07]}  O-O {[%clk 1:39:08]} 6. e3 {[%clk 1:42:29]}  c6 {[%clk 1:35:29]} 7. h3 {[%clk 1:40:30]}  Nbd7 {[%clk 1:34:18]} 8. Bd3 {[%clk 1:37:07]}  dxc4 {[%clk 1:32:55]} 9. Bxc4 {[%clk 1:37:27]}  b5 {[%clk 1:33:01]} 10. Bd3 {[%clk 1:37:25]}  Bb7 {[%clk 1:32:07]} 11. O-O {[%clk 1:23:40]}  a6 {[%clk 1:31:28]} 12. Qe2 {[%clk 1:15:01]}  c5 {[%clk 1:30:27]} 13. Rad1 {[%clk 1:10:42]}  cxd4 {[%clk 1:28:41]} 14. exd4 {[%clk 1:11:04]}  Nb6 {[%clk 1:26:28]} 15. Rfe1 {[%clk 1:03:14]}  Nbd5 {[%clk 1:24:41]} 16. Bd2 {[%clk 0:59:38]}  Rc8 {[%clk 1:20:53]} 17. Ne5 {[%clk 0:55:49]}  Nxc3 {[%clk 1:14:22]} 18. bxc3 {[%clk 0:55:55]}  Qd5 {[%clk 1:14:18]} 19. f4 {[%clk 0:41:43]}  Qxa2 {[%clk 1:12:22]} 20. f5 {[%clk 0:30:10]}  exf5 {[%clk 1:06:54]} 21. Bxf5 {[%clk 0:30:03]}  Rc7 {[%clk 1:02:44]} 22. Qf2 {[%clk 0:20:51]}  Bd6 {[%clk 0:59:16]} 23. Qh4 {[%clk 0:16:09]}  h6 {[%clk 0:48:52]} 24. Re3 {[%clk 0:12:46]}  Bxe5 {[%clk 0:43:36]} 25. dxe5 {[%clk 0:11:31]}  Rc4 {[%clk 0:36:53]} 26. Qf2 {[%clk 0:04:19]}  Ne4 {[%clk 0:35:32]} 27. Qe1 {[%clk 0:04:24]}  Nxd2 {[%clk 0:24:57]} 28. Rxd2 {[%clk 0:04:33]}  Qa5 {[%clk 0:23:55]} 29. e6 {[%clk 0:03:44]}  Rc7 {[%clk 0:21:10]} 30. e7 {[%clk 0:03:09]}  Re8 {[%clk 0:21:18]} 31. Bd7 {[%clk 0:03:28]}  Rxd7 {[%clk 0:21:21]} 32. Rxd7 {[%clk 0:03:52]}  Bc6 {[%clk 0:21:25]} 33. Rd4 {[%clk 0:03:35]}  f6 {[%clk 0:21:23]} 34. Qg3 {[%clk 0:02:05]}  Qa3 {[%clk 0:21:13]} 35. Rd8 {[%clk 0:01:30]}  Kf7 {[%clk 0:21:13]} 36. Rxe8 {[%clk 0:01:19]}  Bxe8 {[%clk 0:21:40]} 37. Kh2 {[%clk 0:01:42]}  a5 {[%clk 0:21:57]} 38. Qc7 {[%clk 0:00:59]}  a4 {[%clk 0:22:12]} 39. Qb6 {[%clk 0:01:10]}  Qb3 {[%clk 0:22:23]} 40. Qd4 {[%clk 0:00:36]}  h5 {[%clk 0:20:41]} 41. Qc5 {[%clk 0:26:26]}  g6 {[%clk 0:50:20]} 42. Qb4 {[%clk 0:21:05]}  Qd5 {[%clk 0:49:52]} 43. Qe4 {[%clk 0:19:50]}  Qd6+ {[%clk 0:48:26]} 1/2-1/2